000 00538nam a2200193Ia 4500
005 20250326141647.0
008 250326s9999 xx 000 0 und d
020 _a0-8160-1905-3
037 _aTextbook
040 _aFMSL
_beng
_cFMSL
041 _aeng
_2eng
084 _aX:74 M9
_qFMSL
100 _aTimpe A D
_9744850
245 0 _aProductivity: art and science of business management
_cTimpe A D
260 _aLondon
_bLondon, Routledge
_c1989
300 _a219p
942 _cTB
_hX:74 M9
999 _c1291369
_d1291369